Mathematical cosmology and extragalactic astronomy /

Guardado en:
Autor Principal: Segal, Irving Ezra.
Formato: Libro
Idioma:English
Publicado: New York : Academic Press, 1976.
Series:Pure and applied mathematics (Academic Press) ; 68.
Materias:
Etiquetas: Agregar Etiqueta
Sin Etiquetas, Sea el primero en etiquetar este registro!
LEADER 00786cam a2200241 a 4500
001 MAT.inmabb003119
008 750619s1976####nyua#####b####001#0#eng##
005 20130327162145.0
245 1 0 |a Mathematical cosmology and extragalactic astronomy /  |c Irving Ezra Segal. 
260 |a New York :  |b Academic Press,  |c 1976. 
300 |a ix, 204 p. :  |b il. ;  |c 24 cm. 
490 1 |a Pure and applied mathematics ;  |v 68 
504 |a Bibliografía: p. 197-200. 
510 4 |a MR,  |c 58 #14894 
020 |a 012635250X 
100 1 |a Segal, Irving Ezra. 
830 0 |a Pure and applied mathematics (Academic Press) ;  |v 68. 
650 0 |a Cosmology. 
650 0 |a Astronomy  |x Mathematics. 
084 |a 85A40  |2 msc2000 
010 |a  75003574  
040 |a DLC  |c DLC  |d DLC 
859 |h 85  |i Se454  |p A-4627  |b BIB. MATEMATICA